| 000 | 01401nam a2200289Ia 4500 | ||
|---|---|---|---|
| 999 |
_c39822 _d39822 |
||
| 001 | 6427 | ||
| 003 | GE_BSU | ||
| 005 | 20191115150245.0 | ||
| 008 | 181216s2006||||ge |||||||||||||| ||geo|| | ||
| 020 | _a9994046845 | ||
| 040 | _cGE_BSU | ||
| 041 | _ageo | ||
| 080 | _a343(075.8) ს-54 | ||
| 100 |
_aლეკვეიშვილი, მზია _95360 |
||
| 245 |
_aსისხლის სამართლის კერძო ნაწილი : _bწ.2 / _c[ავტ.: მზია ლეკვეიშვილი, გოჩა მამულაშვილი, ნონა თოდუა, დავით მუმლაძე ;რედ. გ. ტყეშელაძე |
||
| 264 |
_aთბილისი : _bმერიდიანი, _c2006. |
||
| 300 |
_a379 გვ.; _b21 სმ. |
||
| 541 | _h15ლ. | ||
| 653 | _aსამართალი | ||
| 653 | _aსისხლის სამართალი | ||
| 700 |
_aლეკვეიშვილი, მზია _eავტორი _95360 |
||
| 700 |
_a მამულაშვილი, გოჩა _eავტორი _95362 |
||
| 700 |
_aთოდუა, ნონა _eავტორი _95363 |
||
| 700 |
_aმუმლაძე, დავით _eმუმლაძე, დავით _95364 |
||
| 700 |
_aტყეშელიაძე, გ. _eრედაქტორი _93507 |
||
| 942 |
_cBK _2udc |
||